00486nam a2200193 a 4500001001300000003000900013005001700022008004100039020001100080082001600091100001900107245002000126260003700146300000900183500003500192505002000227650002600247700001900273nice12345678IN_TiNIC20260116011400.0050524s1966 kaja grp 000 0 urd  ac6.2500a297.24bHAI aHaider S Ali,  aTareekh-I-Aimma aKajwah(bihar)bMatba Islahc1966 a384p aincludes index and biblioraphy2 aNoor Aur Sachai aProphets in the Quran1 aHaider S Ali,